Die Kirche in Mosambik heute : (Record no. 125209)
[ view plain ]
| 000 -LEADER | |
|---|---|
| fixed length control field | 01300cam a2200361ua 4500 |
| 001 - CONTROL NUMBER | |
| control field | 4448854 |
| 003 - CONTROL NUMBER IDENTIFIER | |
| control field | ARRUPE |
| 005 - DATE AND TIME OF LATEST TRANSACTION | |
| control field | 20160926105705.0 |
| 008 - FIXED-LENGTH DATA ELEMENTS--GENERAL INFORMATION | |
| fixed length control field | 850617s1981 gw 000 0 ger d |
| 020 ## - INTERNATIONAL STANDARD BOOK NUMBER | |
| International Standard Book Number | 3921614546 : |
| 035 ## - SYSTEM CONTROL NUMBER | |
| System control number | (OCoLC)505753959 |
| 035 ## - SYSTEM CONTROL NUMBER | |
| System control number | (OCoLC)ocn505753959 |
| 035 ## - SYSTEM CONTROL NUMBER | |
| System control number | (NNC)4448854 |
| 040 ## - CATALOGING SOURCE | |
| Original cataloging agency | NNUT |
| Transcribing agency | NNUT |
| 041 1# - LANGUAGE CODE | |
| Language code of text/sound track or separate title | ger |
| Language code of original and/or intermediate translations of text | spa |
| 043 ## - GEOGRAPHIC AREA CODE | |
| Geographic area code | f-mz--- |
| 050 ## - LIBRARY OF CONGRESS CALL NUMBER | |
| Classification number | BX1682.M68K59 |
| 090 ## - LOCALLY ASSIGNED LC-TYPE CALL NUMBER (OCLC); LOCAL CALL NUMBER (OCLC) | |
| Local cutter number (OCLC) ; Book number/undivided call number, CALL (RLIN) | I3515 1981 |
| 300 ## - PHYSICAL DESCRIPTION | |
| Dimensions | 21 cm. |
| 130 0# - MAIN ENTRY--UNIFORM TITLE | |
| Uniform title | Iglesia en Mozambique hoy. |
| Language of a work | German. |
| 9 (RLIN) | 25660 |
| 245 14 - TITLE STATEMENT | |
| Title | Die Kirche in Mosambik heute : |
| Remainder of title | zwischen Kolonialismus und Revolution : eine Dokumentation / |
| Statement of responsibility, etc | mit einem Beitrag von Filipe J. Couto und Michael van Lay ; hrsg. von Peter Ripken ; [Übersetzung aud dem Spanischen, Sibylla Kroes]. |
| 260 ## - PUBLICATION, DISTRIBUTION, ETC. (IMPRINT) | |
| Place of publication, distribution, etc | Bonn : |
| Name of publisher, distributor, etc | Informationsstelle Südliches Afrika, |
| Date of publication, distribution, etc | 1981. |
| 300 ## - PHYSICAL DESCRIPTION | |
| Extent | 190 p. ; |
| 490 1# - SERIES STATEMENT | |
| Series statement | Edition Südliches Afrika ; |
| Volume number/sequential designation | 9 |
| 500 ## - GENERAL NOTE | |
| General note | Translation of: Iglesia en Mozambique hoy. |
| 610 20 - SUBJECT ADDED ENTRY--CORPORATE NAME | |
| Corporate name or jurisdiction name as entry element | Catholic Church |
| Geographic subdivision | Mozambique. |
| General subdivision | History |
| 9 (RLIN) | 25661 |
| 650 #0 - SUBJECT ADDED ENTRY--TOPICAL TERM | |
| Topical term or geographic name as entry element | Church and state |
| Geographic subdivision | Mozambique |
| 9 (RLIN) | 25662 |
| 700 1# - ADDED ENTRY--PERSONAL NAME | |
| Personal name | Couto, Filipe José. |
| 9 (RLIN) | 25663 |
| 700 1# - ADDED ENTRY--PERSONAL NAME | |
| Personal name | Lay, Michael van, |
| Dates associated with a name | 1948- |
| 9 (RLIN) | 25664 |
| 700 1# - ADDED ENTRY--PERSONAL NAME | |
| Personal name | Ripken, Peter. |
| 9 (RLIN) | 25665 |
| 830 #0 - SERIES ADDED ENTRY--UNIFORM TITLE | |
| Uniform title | Edition Südliches Afrika ; |
| Volume number/sequential designation | 9. |
| 9 (RLIN) | 25666 |
| 942 ## - ADDED ENTRY ELEMENTS (KOHA) | |
| Source of classification or shelving scheme | Library of Congress Classification |
| Koha item type | Monograph ( Printed materials) |
| Withdrawn status | Lost status | Source of classification or shelving scheme | Damaged status | Not for loan | Collection code | Home library | Current library | Shelving location | Date acquired | Total Checkouts | Full call number | Barcode | Date last seen | Price effective from | Koha item type |
|---|---|---|---|---|---|---|---|---|---|---|---|---|---|---|---|
| Library of Congress Classification | Main Collection | ARRUPE LIBRARY | ARRUPE LIBRARY | Main Collection | 13/09/2016 | BX1682.M63 K59 | 46500010194 | 22/11/2017 | 13/09/2016 | Monograph ( Printed materials) |